00502 2200193 4500245007200000020001800072250001100090100002100101700001800122700002000140650001700160005001900177260003100196041001400227084001300241300003400254336000900288338001100297 aShanaou Yoshitsune Genpei No Kassen Vol. 18cSawada, HirofumihText a9786022106616 aCet. 1 aSawada, Hirofumi aSri Nurhayati aAkita Priandana aKomik Jepang a20230206075730 aJakartabPT Gramediac2012 aIndonesia a741.5592 a... jil. :bilus. ;c17,5 cm. atext avolume